000 00301nam a22001337a 4500
008 171021b xxu||||| |||| 00| 0 eng d
020 _a9780801853272
041 _aeng
080 _a658
100 _a54
101 _aLID
245 _aLABOR MOVEMENT AND DICTATORSIPS
_cDRAKE,P.W
942 _2udc
_cBK
999 _c35304
_d35304